MARC

Tag First Indicator Second Indicator Subfields
LEADER 00000cam a2200000 a 4500
001 in00001305213
005 20151005052535.0
008 910927s1991 lu a b 000 0 eng d
020 |a 9282619966 
035 |a (OCoLC)24464745 
035 |9 AHB1285AM 
040 |a DJB  |c DJB  |d TXA  |d UtOrBLW 
043 |a ew----- 
049 |a TXAM 
090 |a HG930.5  |b .E247 1991 
245 0 4 |a The Economics of EMU. 
264 1 |a Luxembourg :  |b Office for Official Publications of the European Communities,  |c 1991. 
300 |a 248 pages :  |b illustrations ;  |c 30 cm. 
336 |a text  |b txt  |2 rdacontent 
337 |a unmediated  |b n  |2 rdamedia 
338 |a volume  |b nc  |2 rdacarrier 
500 |a Cover title. 
500 |a "European economy / Commission of the European Communities, Directorate-General for Economic and Financial Affairs. Special edition, number 1." 
500 |a "Background studies for European economy number 44, 'One market, one money.'." 
504 |a Includes bibliographical references. 
650 0 |a Money  |z European Economic Community countries. 
651 0 |a European Economic Community countries  |x Economic policy. 
651 0 |a Europe  |x Economic integration. 
650 0 |a Monetary unions. 
710 2 |a Commission of the European Communities.  |b Directorate-General for Economic and Financial Affairs. 
999 |a MARS 
999 f f |s e9aa2c4c-06a8-3370-97e3-4f2606c024fe  |i b2552066-39dd-3171-9905-2f9c2e54b525  |t 0 
952 f f |p ric  |a Texas A&M University  |b Rellis Campus  |c Joint Library Facility  |d Remote Storage  |t 0  |e HG930.5 .E247 1991  |h Library of Congress classification  |i unmediated -- volume  |m A14820133749 
998 f f |a HG930.5 .E247 1991  |t 0  |l Remote Storage